Struktura demograficzna i zawodowa ludności Oławy w I połowie XIX w

Titel: Struktura demograficzna i zawodowa ludności Oławy w I połowie XIX w
Verfasser:
In: Studia z przeszłości Oławy, (1994), Seite 61-78
alle Artikel anzeigen
Veröffentlicht: 1994
Format: Aufsatz
Sprache: Polnisch
Kein Bild verfügbar
X
alg: 39466154
001A    $01999:12-11-16 
001B    $01999:01-06-17 $t17:58:49.000 
001D    $01999:12-11-16 
001U    $0utf8 
001X    $00 
002@    $0Aox 
003@    $0394661540 
007A    $0394661540 $aHEB 
007T    $0Herdww003641 
010@    $apol 
011@    $a1994 
021A    $aStruktura demograficzna i zawodowa ludności Oławy w I połowie XIX w 
027A    $aDie @demographische und berufliche Struktur der Bevölkerung von Ohlau in der 1. Hälfte des 19. Jahrhunderts 
028A    $aKościk $dElżbieta 
031A    $h61-78 $j1994 
039B    $aIn $8--Aau--. Studia z przeszłości Oławy. - Wrocław, 1994. - 145 S.. - graph. Darst.. - ISBN 83-902242-8-3 $x199400000000000939 $9046208801 
046B    $aParallelt.: Die @demographische und berufliche Struktur der Bevölkerung von Ohlau in der 1. Hälfte des 19. Jahrhunderts 

lok: 39466154 78

exp: 39466154 78 1 #EPN
201B/01 $016-08-18 $t22:55:48.000 
201U/01 $0utf8 
203@/01 $0790772035 
208@/01 $a12-11-16 $be 
209A/01 $a/ $f000 $x00 
220C/01 $aTitelaufnehmer: AH 
220C/01 $aHerkunft: IH UWr 
244Z/01 $2Trx $#Silesia $#Śląsk $#Sliezsko $#Slezsko $8--Trx--Schlesien $x01 $9391173987 
244Z/01 $#Ohlau $75194074-7 $8--Tg1--Oława $x02 $905127258X 
244Z/01 $aGeschichte 1802-1910 $x03 
244Z/01 $2Trx $#demograafia teaduslik $#demografija mokslas $#demography $#demográfia tudomány $#demografia nauka $#demografia náuka $#demografie nauka $8--Trx--Demographie$gWissenschaft $x04 $9391358634 
244Z/01 $2Trx $#rahvastik liikumine ja struktuur $#gyventojai $#population migration, social stratification of the population $#népesség mozgalom és struktúra $#ludność ruch naturalny i struktura $#obyvateľstvo pohyb a štruktúra obyvateľstva $#obyvatelstvo pohyb a struktura obyvatelstva $#Sozialstruktur $#struktura społeczna $8--Trx--Bevölkerung$gBewegung und Struktur $x05 $9391372521 
244Z/01 $2Trx $8--Trx--Einzelbeiträge $x06 $9391384570 
247C/01 $82080>Marburg/Lahn, Herder-Institut, Forschungsbibliothek, Bibliographieportal $9336309341
LEADER 00000caa a22000002c 4500
001 394661540
003 DE-603
005 20170601175849.0
007 tu
008 161112s1994 xx |||| | u00||u|pol c
035 |a (DE-599)HEB394661540 
040 |a DE-603  |b ger  |c DE-603  |d DE-603 
041 |a pol 
100 1 |a Kościk, Elżbieta 
245 0 0 |a Struktura demograficzna i zawodowa ludności Oławy w I połowie XIX w 
246 0 1 |i Parallelt.  |a Die demographische und berufliche Struktur der Bevölkerung von Ohlau in der 1. Hälfte des 19. Jahrhunderts 
246 1 3 |a ˜Dieœ demographische und berufliche Struktur der Bevölkerung von Ohlau in der 1. Hälfte des 19. Jahrhunderts 
264 0 |c 1994 
773 0 8 |i In  |t Studia z przeszłości Oławy  |d Wrocław, 1994  |h 145 S., graph. Darst.  |z 8390224283  |g (1994), Seite 61-78  |w (DE-603)046208801 
924 0 |9 2080  |a (DE-603)790772035  |b DE-2080  |c HES  |d d  |g /